|
|
|
|
| LEADER |
00819nam a2200205 a 4500 |
| 001 |
011306163 |
| 008 |
110330r19871988enk 000 j eng d |
| 020 |
|
|
|a 0140063064 (pbk)
|
| 040 |
|
|
|a Uk
|c Uk
|d BD-DhAAL
|
| 082 |
0 |
4 |
|a 823.0108
|2 20
|
| 245 |
0 |
4 |
|a The Penguin book of modern British short stories /
|c edited with an introduction by Malcolm Bradbury.
|
| 260 |
|
|
|a London :
|b Penguin,
|c c1987.[reprinted 1988]
|
| 300 |
|
|
|a 448p. ;
|c 20 cm.
|
| 541 |
1 |
|
|e 00016605
|
| 650 |
0 |
|
|a Short stories, English.
|
| 650 |
0 |
|
|a English fiction
|y 20th century.
|
| 700 |
1 |
|
|a Bradbury, Malcolm,
|d 1932-2000
|
| 852 |
4 |
|
|a Ayesha Abed library
|j General Shelf
|
| 999 |
|
|
|c 10604
|d 10604
|
| 952 |
|
|
|0 0
|1 0
|2 ddc
|4 0
|6 823_010800000000000_PEN
|7 0
|9 15935
|a BRACUL
|b BRACUL
|c GEN
|d 2011-03-30
|l 5
|m 21
|o 823.0108 PEN
|p 3010016605
|r 2022-06-21
|s 2022-06-14
|t 1
|w 2011-03-30
|y BK
|